Taylor Swift mystery lyrics #83 - Statistics

General Stats
  • This quiz has been taken 57 times
  • The average score is 171 of 220
Answer Stats
Answer % Correct
I
100%
a
98%
in
98%
In
98%
like
98%
Like
98%
me
98%
my
98%
you
98%
him
95%
the
95%
to
95%
your
95%
all
93%
and
93%
And
93%
Loving
93%
loving
93%
when
93%
I'd
90%
is
90%
it
90%
know
90%
no
90%
red
90%
was
90%
blue
88%
on
88%
so
88%
there
88%
you're
88%
love
85%
never
85%
be
83%
But
83%
down
83%
driving
83%
It's
83%
known
83%
street
83%
tryin'
83%
dead-end
80%
gray
80%
new
80%
that
80%
alone
78%
Burning
78%
burning
78%
could
78%
head
78%
Losing
78%
Maserati
78%
Missing
78%
of
78%
as
75%
dark
75%
ever
75%
Forgetting
75%
go
75%
just
75%
right
75%
they
75%
Oh
73%
see
73%
song
73%
suddenly
70%
with
70%
favorite
68%
from
68%
met
68%
now
68%
out
68%
there's
68%
trying
68%
front
65%
knowing
65%
old
65%
realizing
65%
somebody
65%
than
65%
wind
65%
words
65%
answer
63%
Faster
63%
passionate
63%
wanted
63%
before
60%
easy
60%
free
60%
still
60%
why
60%
ending
58%
Fighting
58%
found
58%
solve
58%
comes
55%
Comes
55%
fall
55%
let
55%
lose
55%
sin
55%
time
55%
wishing
55%
back
53%
crossword
53%
echoes
53%
flashbacks
53%
Tell
53%
already
50%
autumn
50%
impossible
50%
Memorizing
50%
mind
50%
bright
48%
colors
48%
moving
48%
once
48%
Remembering
48%
strong
48%
that's
48%
through
45%
change
43%
flying
43%
His
43%
Regretting
43%
Yeah
43%
yeah
43%
gotta
40%
myself
40%
Touching
40%
he's
35%
spinning
23%
'round
20%
No matching quizzes found
Score Distribution
Percent of People with Each Score
Percentile by Number Answered
Your Score History
You have not taken this quiz